000 00332nam a2200145Ia 4500
100 _aMorley A. and others
942 _cBK
654 _aelectronics
245 _aPrinciples of Electronics
260 _bEnglish language book society
_aNew Delhi
_c1988
082 _a337
_bMOR
300 _a476
546 _aENGLISH
999 _c28478
_d28478